| 000 | 00513nam a2200169 i 4500 | ||
|---|---|---|---|
| 001 | 78619 | ||
| 003 | ES-MaACL | ||
| 005 | 20230906173751.0 | ||
| 007 | t| | ||
| 008 | 041015s1952 sp ||||1| spa d | ||
| 100 | 1 |
_aHale, Garth. _961529 |
|
| 245 | 1 | 0 |
_aEgoismo martimonial _b: novela / _cGarth Hale ; [traducción del inglés por Víctor Scholz]. |
| 260 |
_aBarcelona : _bPlaneta, _c[1952] ( _fAllen) |
||
| 300 |
_a329 p. ; _c20 cm. |
||
| 700 | 1 |
_aScholz, Víctor. _9104643 |
|
| 852 |
_aES-MaACL _jD-8780 _bR.33216 |
||
| 999 |
_c78619 _d78619 |
||